How many Religions - Statistics

General Stats
  • This quiz has been taken 21 times
  • The average score is 7 of 15
Answer Stats
hint Answer % Correct
mosque Islam
100%
cross Christianity
95%
asia Buddhism
90%
jew Judaism
81%
india Hinduism
76%
punjab Sikhism
62%
japan Shinto
43%
china Taoism
43%
book Mormonism
38%
philospher Confucianism
29%
apostrophe Baha'i
24%
india but with a special little symbol Jainism
24%
long Zoroastrianism
14%
yeezys Kanyeism
5%
USA Leftwingism
0%
No matching quizzes found
Score Distribution
Percent of People with Each Score
Percentile by Number Answered
Your Score History
You have not taken this quiz